<?xml version="1.0" encoding="UTF-8"?>
<record
    xmlns:xsi="http://www.w3.org/2001/XMLSchema-instance"
    xsi:schemaLocation="http://www.loc.gov/MARC21/slim http://www.loc.gov/standards/marcxml/schema/MARC21slim.xsd"
    xmlns="http://www.loc.gov/MARC21/slim">

  <leader>00690nam a2200181Ia 4500</leader>
  <controlfield tag="008">090122s9999    xx            000 0 und d</controlfield>
  <datafield tag="082" ind1=" " ind2=" ">
    <subfield code="b">12057</subfield>
  </datafield>
  <datafield tag="100" ind1=" " ind2=" ">
    <subfield code="a">&#x932;&#x93E;&#x932;&#x93E;</subfield>
    <subfield code="b">&#x906;&#x930;</subfield>
    <subfield code="c">&#x90F;&#x92E;</subfield>
  </datafield>
  <datafield tag="245" ind1=" " ind2=" ">
    <subfield code="a">&#x91C;&#x92E;&#x936;&#x947;&#x91F;&#x91C;&#x940; &#x91F;&#x93E;&#x91F;&#x93E; &#x92F;&#x93E;&#x902;&#x91A;&#x947; &#x92D;&#x93E;&#x930;&#x924; &#x92A;&#x94D;&#x930;&#x947;&#x92E;</subfield>
  </datafield>
  <datafield tag="260" ind1=" " ind2=" ">
    <subfield code="b">&#x909;&#x924;&#x94D;&#x915;&#x930;&#x94D;&#x937;</subfield>
    <subfield code="c">2007</subfield>
  </datafield>
  <datafield tag="300" ind1=" " ind2=" ">
    <subfield code="a">227</subfield>
  </datafield>
  <datafield tag="501" ind1=" " ind2=" ">
    <subfield code="a">&#x91C;&#x94D;&#x91E;&#x93E;&#x928;&#x926;&#x93E; &#x917;&#x94D;&#x930;&#x902;&#x925; &#x935;&#x93F;&#x924;&#x930;&#x923; / 871-12.9.07</subfield>
  </datafield>
  <datafield tag="600" ind1=" " ind2=" ">
    <subfield code="a">&#x932;&#x93E;&#x932;&#x93E;</subfield>
  </datafield>
  <datafield tag="630" ind1=" " ind2=" ">
    <subfield code="a">&#x91C;&#x92E;&#x936;&#x947;&#x91F;&#x91C;&#x940; &#x91F;&#x93E;&#x91F;&#x93E; &#x92F;&#x93E;&#x902;&#x91A;&#x947; &#x92D;&#x93E;&#x930;&#x924; &#x92A;&#x94D;&#x930;&#x947;&#x92E;</subfield>
  </datafield>
  <datafield tag="700" ind1=" " ind2=" ">
    <subfield code="a">&#x932;&#x93E;&#x932;&#x93E;</subfield>
  </datafield>
  <datafield tag="730" ind1=" " ind2=" ">
    <subfield code="a">&#x91C;&#x92E;&#x936;&#x947;&#x91F;&#x91C;&#x940; &#x91F;&#x93E;&#x91F;&#x93E; &#x92F;&#x93E;&#x902;&#x91A;&#x947; &#x92D;&#x93E;&#x930;&#x924; &#x92A;&#x94D;&#x930;&#x947;&#x92E;</subfield>
  </datafield>
  <datafield tag="942" ind1=" " ind2=" ">
    <subfield code="c">BOOK</subfield>
  </datafield>
  <datafield tag="999" ind1=" " ind2=" ">
    <subfield code="c">36134</subfield>
    <subfield code="d">36134</subfield>
  </datafield>
  <datafield tag="952" ind1=" " ind2=" ">
    <subfield code="0">0</subfield>
    <subfield code="1">0</subfield>
    <subfield code="4">0</subfield>
    <subfield code="7">0</subfield>
    <subfield code="a">DOMGRANTH</subfield>
    <subfield code="b">DOMGRANTH</subfield>
    <subfield code="d">2009-01-22</subfield>
    <subfield code="e">&#x91C;&#x94D;&#x91E;&#x93E;&#x928;&#x926;&#x93E; &#x917;&#x94D;&#x930;&#x902;&#x925; &#x935;&#x93F;&#x924;&#x930;&#x923; / 871-12.9.07</subfield>
    <subfield code="g">200.00</subfield>
    <subfield code="l">0</subfield>
    <subfield code="o">12057</subfield>
    <subfield code="p">DOM-12057</subfield>
    <subfield code="r">2009-01-22 00:00:00</subfield>
    <subfield code="t">1</subfield>
    <subfield code="v">200.00</subfield>
    <subfield code="w">2009-01-22</subfield>
    <subfield code="y">BOOK</subfield>
  </datafield>
</record>
